Reform in Hungary. Sequencing and privatisation.
Charakter a hodnotenie ekonomickej reformy v Maďarsku - postupná liberalizácia domáceho trhu, medzinárodného obchodu a demonopolizácia. Vytváranie konkurenčných podmienok na trhu ako základná podmienka pre úspech ostatných reforiem. Demonopolizácia ako prvý kritický krok. Privatizácia.
Gespeichert in:
| 1. Verfasser: | |
|---|---|
| Format: | Buchkapitel |
| Sprache: | Englisch |
| Schlagworte: | |
| Tags: |
Keine Tags, Fügen Sie das erste Tag hinzu!
|
MARC
| LEADER | 00000naa a2200000 4500 | ||
|---|---|---|---|
| 001 | r004587 | ||
| 005 | 20221130103148.3 | ||
| 041 | 0 | |a eng | |
| 044 | |a NL | ||
| 245 | 1 | 0 | |a Reform in Hungary. |b Sequencing and privatisation. |c D.M. Newbery |
| 520 | |a Charakter a hodnotenie ekonomickej reformy v Maďarsku - postupná liberalizácia domáceho trhu, medzinárodného obchodu a demonopolizácia. Vytváranie konkurenčných podmienok na trhu ako základná podmienka pre úspech ostatných reforiem. Demonopolizácia ako prvý kritický krok. Privatizácia. | ||
| 610 | 2 | 0 | |a reformy hospodárske |
| 610 | 2 | 0 | |a MR |
| 610 | 2 | 0 | |a privatizácia |
| 610 | 2 | 0 | |a trh vnútorný |
| 610 | 2 | 0 | |a obchod medzinárodný |
| 610 | 2 | 0 | |a demonopolizácia |
| 610 | 2 | 0 | |a konkurencia |
| 100 | 1 | |a Newbery, D.M. | |